Materials science of thin films (Record no. 352)

000 -LEADER
fixed length control field 00566nam a22002174a 4500
001 - CONTROL NUMBER
control field 352
003 - CONTROL NUMBER IDENTIFIER
control field BD-DhUET
008 - FIXED-LENGTH DATA ELEMENTS--GENERAL INFORMATION
fixed length control field 010328s2002 caua b 001 0 eng
020 ## - INTERNATIONAL STANDARD BOOK NUMBER
International Standard Book Number 9780125249850
020 ## - INTERNATIONAL STANDARD BOOK NUMBER
International Standard Book Number 9789381269534
040 ## - CATALOGING SOURCE
Original cataloging agency DLC
Transcribing agency 0
Modifying agency BD-DhUET
082 00 - DEWEY DECIMAL CLASSIFICATION NUMBER
Classification number 623.8152
Item number OHR/2002
100 ## - MAIN ENTRY--PERSONAL NAME
Personal name Ohring, Milton
245 10 - TITLE STATEMENT
Title Materials science of thin films
Remainder of title deposition and structure
250 ## - EDITION STATEMENT
Edition statement 2nd ed.
260 ## - PUBLICATION, DISTRIBUTION, ETC. (IMPRINT)
Place of publication, distribution, etc. New Delhi
Name of publisher, distributor, etc. Academic Press
Date of publication, distribution, etc. 2002
300 ## - PHYSICAL DESCRIPTION
Extent xxi, 794 p.
Other physical details
504 ## - BIBLIOGRAPHY, ETC. NOTE
Bibliography, etc Includes bibliographies
650 #0 - SUBJECT ADDED ENTRY--TOPICAL TERM
Topical term or geographic name as entry element Thin films
942 ## - ADDED ENTRY ELEMENTS (KOHA)
Koha item type General Book
Holdings
Location (home branch) Not for loan Piece designation (barcode) Price effective from Sublocation or collection (holding branch) Lost status Koha full call number Copy number Source of classification or shelving scheme Koha out on loan Withdrawn status Koha date last seen Koha normalized classification for sorting Koha item type Shelving location Damaged status Date acquired Koha issues (times borrowed) Koha date last borrowed
Central Library, BUET 1116042014-07-20Central Library, BUET 623.8152/OHR/20021   2014-07-20623_000000000000000_8152OHR200General BookCirculation section 2014-07-20  
Central Library, BUET 1147342016-10-02Central Library, BUET 623.8152/OHR/20022   2024-06-12623_815200000000000_OHR_2002General BookCirculation section 2016-06-1812023-11-08
Central Library, BUET 1147352016-10-02Central Library, BUET 623.8152/OHR/20023 2025-01-12 2024-01-13623_815200000000000_OHR_2002General BookCirculation section 2016-06-1812024-01-13
Central Library, BUET 1166522018-09-22Central Library, BUET 623.8152/OHR/20024   2018-09-22623_815200000000000_OHR_2002General BookReading section 2018-06-27